000 00546 a2200241 4500
001 113026
020 _a0060230290
020 _a0060230320 (lib. bdg.)
020 _a0064461874
020 _a0329023780
041 _apor
090 _aP Year 2 597
092 _a95001593
100 _aSimon, Seymour.
250 _a. ed.
300 _a[32] p.
697 _aSharks
856 _u000008/00000809.jpg
040 _aBR-BrIDEA
_cBR-BrIDEA
245 1 0 _aSharks
_c Seymour Simon
260 _a[S.l.]
_bHarperCollins
_c1995
942 _cBK
999 _c113026
_d113026